Výrobné inžinierstvo
| New Title: | Manufacturing and industrial engineering |
|---|---|
| Other Authors: | , |
| Format: | Journal |
| Language: | Slovak English German Russian Czech |
| PhysicalDescription: | 10 zv. 30 cm |
| Published: |
Prešov
Fakulta výrobných technológií TU Košice
2002-2011
|
| ISSN: | 1335-7972 1338-6549 |
| Subjects: | |
| Online Access: | http://web.tuke.sk/fvtpo/journal/ |
MARC
| LEADER | 00000aas a2200000 a 4500 | ||
|---|---|---|---|
| 001 | vtls001472817 | ||
| 003 | SK-MaSNL | ||
| 005 | 20260228161319.0 | ||
| 008 | 110726d20022011xo qr p 0 0b0slo c | ||
| 022 | |a 1335-7972 | ||
| 035 | |a SNK000428119 | ||
| 035 | |a (SVKBB03)vtls000149347 | ||
| 040 | |a SNK |b slo |c SNK |d SVKBB |e AACR2 | ||
| 041 | 0 | |a slo |a eng |a ger |a rus |a cze | |
| 044 | |a xo |c SK | ||
| 072 | 7 | |a 658.5 |x Výroba a plánovanie výroby. Konštrukcia. Riadenie a kontrola výroby |2 konspekt | |
| 072 | 7 | |a 62 |x Inžinierstvo. Technika všeobecne |2 konspekt | |
| 080 | |a 050 |2 2001 | ||
| 080 | |a 62:005.83 |2 2001 | ||
| 080 | |a 658.5 |2 2001 | ||
| 080 | |a 658.5-025.21 |2 2001 | ||
| 210 | |a Výrob. inž. | ||
| 222 | 0 | |a Výrobné inžinierstvo | |
| 245 | 0 | 0 | |a Výrobné inžinierstvo |
| 246 | 1 | 1 | |a Manufacturing engineering |
| 260 | |a Prešov |b Fakulta výrobných technológií TU Košice |c 2002-2011 | ||
| 300 | |a 10 zv. |c 30 cm | ||
| 310 | |a 4x ročne | ||
| 362 | 0 | |a Roč. 1, č. 1 (2002)-roč. 10, č. 4 (2011) | |
| 500 | |a Šéfredaktor: 2002, Stanislav Fabian ; 2003- , Michal Havrila | ||
| 500 | |a Reg. č.: MK SR 2477/2001 | ||
| 546 | |a Čiast. text. angl., nem., rus., čes. | ||
| 650 | 0 | 7 | |a výrobné technológie |2 SNKPH |9 4198 |
| 650 | 0 | 7 | |a manažment výroby |2 SNKPH |9 933 |
| 650 | 0 | 7 | |a výrobné systémy |2 SNKPH |9 29111 |
| 655 | 7 | |a vedecké časopisy |2 SNKPH |9 70520 | |
| 700 | 1 | |a Fabian, Stanislav, |d 1947- |4 pbd |9 102248 | |
| 700 | 1 | |a Havrila, Michal, |d 1933-2019 |4 pbd |9 8056 | |
| 710 | 1 | |a Technická univerzita v Košiciach. |b Fakulta výrobných technológií v Prešove |4 pbl |9 176111 | |
| 785 | 0 | 0 | |t Manufacturing and industrial engineering |x 1338-6549 |
| 852 | |a Štátna vedecká knižnica v Banskej Bystrici | ||
| 856 | 4 | |u http://web.tuke.sk/fvtpo/journal/ | |
| 910 | |a snk | ||
| 916 | |a 2002-2012 | ||
| 999 | |c 4985 |d 6915 | ||
| 952 | |0 0 |1 0 |4 0 |7 0 |8 0 |a SNK |b SNK |d 2011-08-25 |f 1 |i snk2011/17890 |l 0 |o snkČSB 5739/1/2002 |p 17A0679963 |r 2026-02-21 20:29:24 |t č. 1-3 |w 2026-02-21 |y PREZ | ||
| 952 | |0 0 |1 0 |4 0 |7 0 |8 0 |a SNK |b SNK |d 2011-08-25 |i snk2011/17891 |l 0 |o snkČSB 5739/1/2002 D1 |p 17A0679964 |r 2026-02-21 20:29:24 |t č. 1-3 |w 2026-02-21 |y PREZ | ||
| 952 | |0 0 |1 0 |4 0 |7 0 |8 0 |a SNK |b SNK |d 2011-08-25 |f 1 |i snk2011/17893 |l 0 |o snkČSB 5739/2/2003 |p 17A0679965 |r 2026-02-21 20:29:24 |t č. 1-4, neúpl. |w 2026-02-21 |y PREZ |z Chýba č. 1. | ||
| 952 | |0 0 |1 0 |4 0 |7 0 |8 0 |a SNK |b SNK |d 2011-08-25 |i snk2011/17894 |l 0 |o snkČSB 5739/2/2003 D1 |p 17A0679966 |r 2026-02-21 20:29:24 |t č. 1-4, neúpl. |w 2026-02-21 |y PREZ |z Chýba č. 1. | ||
| 952 | |0 0 |1 0 |4 0 |7 0 |8 0 |a SNK |b SNK |d 2011-08-25 |f 1 |i snk2011/17895 |l 0 |o snkČSB 5739/3/2004 |p 17A0679967 |r 2026-02-21 20:29:24 |t č. 1-4 |w 2026-02-21 |y PREZ | ||
| 952 | |0 0 |1 0 |4 0 |7 0 |8 0 |a SNK |b SNK |d 2011-08-25 |i snk2011/17896 |l 0 |o snkČSB 5739/3/2004 D1 |p 17A0679968 |r 2026-02-21 20:29:24 |t č. 1-4 |w 2026-02-21 |y PREZ | ||
| 952 | |0 0 |1 0 |4 0 |7 0 |8 0 |a SNK |b SNK |d 2011-08-25 |f 1 |i snk2011/17897 |l 0 |o snkČSB 5739/4/2005 |p 17A0679969 |r 2026-02-21 20:29:25 |t č. 1-4 |w 2026-02-21 |y PREZ | ||
| 952 | |0 0 |1 0 |4 0 |7 0 |8 0 |a SNK |b SNK |d 2011-08-25 |i snk2011/17898 |l 0 |o snkČSB 5739/4/2005 D1 |p 17A0679970 |r 2026-02-21 20:29:25 |t č. 1-4, neúpl. |w 2026-02-21 |y PREZ |z Chýba č. 4. | ||
| 952 | |0 0 |1 0 |4 0 |7 0 |8 0 |a SNK |b SNK |d 2011-08-25 |f 1 |i snk2011/17899 |l 0 |o snkČSB 5739/5/2006 |p 17A0679971 |r 2026-02-21 20:29:25 |t č. 1-4 |w 2026-02-21 |y PREZ | ||
| 952 | |0 0 |1 0 |4 0 |7 0 |8 0 |a SNK |b SNK |d 2011-08-25 |i snk2011/17900 |l 0 |o snkČSB 5739/5/2006 D1 |p 17A0679972 |r 2026-02-21 20:29:25 |t č. 1-4 |w 2026-02-21 |y PREZ | ||
| 952 | |0 0 |1 0 |4 0 |7 0 |8 0 |a SNK |b SNK |d 2011-08-25 |f 1 |i snk2011/17901 |l 0 |o snkČSB 5739/6/2007 |p 17A0679973 |r 2026-02-21 20:29:25 |t č. 1-4 |w 2026-02-21 |y PREZ | ||
| 952 | |0 0 |1 0 |4 0 |7 0 |8 0 |a SNK |b SNK |d 2011-08-25 |i snk2011/17905 |l 0 |o snkČSB 5739/6/2007 D1 |p 17A0679974 |r 2026-02-21 20:29:25 |t č. 1-4 |w 2026-02-21 |y PREZ | ||
| 952 | |0 0 |1 0 |4 0 |7 0 |8 0 |a SNK |b SNK |d 2011-08-25 |f 1 |i snk2011/17907 |l 0 |o snkČSB 5739/7/2008 |p 17A0679975 |r 2026-02-21 20:29:25 |t č. 1-4 |w 2026-02-21 |y PREZ | ||
| 952 | |0 0 |1 0 |4 0 |7 0 |8 0 |a SNK |b SNK |d 2011-08-25 |i snk2011/17908 |l 0 |o snkČSB 5739/7/2008 D1 |p 17A0679976 |r 2026-02-21 20:29:25 |t č. 1-4 |w 2026-02-21 |y PREZ | ||
| 952 | |0 0 |1 0 |4 0 |7 0 |8 0 |a SNK |b SNK |d 2011-08-25 |f 1 |i snk2011/17910 |l 0 |o snkČSB 5739/8/2009 |p 17A0679977 |r 2026-02-21 20:29:25 |t č. 1-4 |w 2026-02-21 |y PREZ | ||
| 952 | |0 0 |1 0 |4 0 |7 0 |8 0 |a SNK |b SNK |d 2013-10-08 |i snk2013/24153 |l 0 |o snkČSB 5739/8/2009 D1 |p 17A1086070 |r 2026-02-21 21:32:17 |t č. 1-4 |w 2026-02-21 |y PREZ | ||
| 952 | |0 0 |1 0 |4 0 |7 0 |8 0 |a SNK |b SNK |d 2013-10-08 |f 1 |i snk2013/24154 |l 0 |o snkČSB 5739/9/2010 |p 17A1086071 |r 2026-02-21 21:32:17 |t č. 1-4 |w 2026-02-21 |y PREZ | ||
| 952 | |0 0 |1 0 |4 0 |7 0 |8 0 |a SNK |b SNK |d 2013-10-08 |i snk2013/24155 |l 0 |o snkČSB 5739/9/2010 D1 |p 17A1086072 |r 2026-02-21 21:32:17 |t č. 1-4 |w 2026-02-21 |y PREZ | ||
| 952 | |0 0 |1 0 |4 0 |7 0 |8 0 |a SNK |b SNK |d 2013-10-08 |f 1 |i snk2013/24160 |l 0 |o snkČSB 5739/10/2011 |p 17A1086073 |r 2026-02-21 21:32:17 |t č. 1-3 |w 2026-02-21 |y PREZ | ||
| 952 | |0 0 |1 0 |4 0 |7 0 |8 0 |a SNK |b SNK |d 2013-10-08 |i snk2013/24161 |l 0 |o snkČSB 5739/10/2011 D1 |p 17A1086074 |r 2026-02-21 21:32:17 |t č. 1-4 |w 2026-02-21 |y PREZ |z č. 4 má názov Manufacturing and industrial engineering | ||


